000 00908nam a2200205 i 4500
001 184579
003 ES-MaACL
005 20250924140134.0
008 151023s1904 sp |||| | spa d
245 0 0 _aDocumentos correspondientes al reinado de Ramiro I /
_ctranscripción, prólogo y notas de Eduardo Ibarra y Rodríguez.
260 _a[S.l.] :
_b[s.n.],
_c[1904] (
_eZaragoza :
_fTip. de Andrés Uriarte)
300 _aXIV, 273 p. ;
_c23 cm.
490 1 _aColección de documentos para el estudio de la historia de Aragón ;
_v1
546 _aTextos en latín; introducción en español.
651 4 _aAragón (Reino)-
_xHistoria-
_y1035-1063, Ramiro I-
_vFuentes.
_9157996
700 1 _aIbarra y Rodríguez, Eduardo,
_d1866-1944
_964967
830 0 0 _aColección de documentos para el estudio de la historia de Aragón
_v1
_9192177
852 _aES-MaACL
_jC-2171
999 _c184579
_d184579